000 00787nam a2200205 a 4500
001 000029891
005 20200930055903.0
008 110426s1956 dr r 000 0 spa d
040 _aDO-SdBNP
_bspa
_cBNPHU
082 _a344.729301
_bG216c, 1956
100 1 _aGarcía Aybar, José E.
_936120
245 1 0 _aEl código Trujillo de trabajo y las obligaciones de los patronos y de los obreros /
_cJosé E. García Aybar.
260 _aCiudad Trujillo, República Dominicana :
_bMontalvo,
_c1956.
300 _a32 p. ;
_c24 cm.
590 _aInventariado, 2019/MFF
650 4 _aDerecho laboral
_zRepública Dominicana
_97337
650 4 _aLegislación laboral
_zRepública Dominicana
_911733
651 4 _aRepública Dominicana
_xLey 2920
_916444
910 _aValidado. Control de calidad MFF
999 _c29383
_d29383